Estadísticas para Países más Visitados por Japoneses

Haz click aquí para tomar la prueba!

Estadísticas generales

  • Esta prueba ha sido tomada 1,021 veces
  • La puntuación promedio es 12 de 15

Estadísticas de respuestas

Viajeros País % Correcto
6,100,000Estados Unidos
98%
5,200,000China
97%
730,000Francia
96%
360,000España
93%
3,500,000Corea del Sur
90%
350,000Australia
89%
350,000Italia
88%
730,000Alemania
86%
1,400,000Tailandia
77%
450,000Indonesia
76%
580,000Vietnam
70%
410,000Filipinas
66%
1,400,000Taiwán
65%
470,000Malasia
63%
760,000Singapur
54%

Distribución de puntuación

Porcentaje por número respondido

Porcentaje de gente con cada puntuación

Historial de tus puntuaciones

No has tomado esta prueba